000 00402nam a2200157Ia 4500
008 230917s9999||||xx |||||||||||||| ||und||
040 _e138031
_aMAIN
041 _aEnglish
082 _a001.64 T155O
100 _aTanenbaum, Andrew S
245 0 _aOperating systems: Design and implementation
250 _a2nd ed.
260 _aNew Delhi
_bPrentice Hall
_c1998
300 _a939 p.
942 _cBK
999 _c101535
_d101535